| 000 | 00985nam a22002657a 4500 | ||
|---|---|---|---|
| 001 | BD-DhSAU 9278 | ||
| 003 | BD-DhSAU | ||
| 005 | 20260202154703.0 | ||
| 008 | 150613b2018 bg a|||| m||| 00| 0 eng d | ||
| 040 | _aBD-DhSAU | ||
| 082 |
_222 _a635 _bSo25 |
||
| 100 |
_aHOSSEN, MD. SOHEL _eRegistration # 22010093 |
||
| 245 |
_aGrowth, physiology and yield improvement of tomato with the application of ferulic acid / _bMS thesis |
||
| 260 |
_aSher-e-Bangla Agricultural University : _bDepartment of Horiculture, _c2024. |
||
| 300 |
_ax, 80p. : _bill. ; _c30 cm. |
||
| 500 | _aMS thesis of Department of Horicultre, Faculty of Agriculture, Sher-e-Bangla Agricultural University, Dhaka, Bangladesh | ||
| 504 | _aIncludes bibliographical reference. | ||
| 590 | _aNazmul | ||
| 650 | _atomato | ||
| 650 | _aferulic acid | ||
| 700 |
_aProf. Dr. Md. Ismail Hossain _eSuperviser |
||
| 700 |
_aAssoci. Prof. Dr. Khursheda Parvin _eCo-superviser |
||
| 942 |
_2ddc _cTHESIS |
||
| 999 |
_c18267 _d18266 |
||